LEADER 01720nam a2200301 4500 001 000000359913 003 CaOOAMICUS 005 20240924143332.0 008 240924s2007 it a 000 u ita r 040 $aSeMil$bita 245 00$aCredo : immagini d'arte e letterattura /$c introduzione di Monsignor Antonio Miralles ; testi di Monsignor Timothy Verdon e di Monsignor Gianfranco Ravasi ; scelta antologica a cura di Padre Ferdinando Castelli S.I. ; con l'intervento artistico di Giuseppe Maraniello. 264 1$aMilano :$bFMR,$c2007. 300 $aXXXV, 351 p. :$bill. ;$c47 cm 490 1 $aArs Sacra 500 $aEsemplare numerato con coperta anteriore impreziosita da elementi placcati in oro 24k e da un'impressione in oro bianco su rilievo raffigurante un'opera del maestro Giuseppe Maraniello. 700 1 $aMiralles, Antonio,$e[introduzione di].$0(OLS)http://semarc/name/22475 700 1 $aVerdon, Timothy,$c ,$e[testi di].$0(OLS)http://semarc/name/7841 700 1 $aRavasi, Gianfranco,$c.$0(OLS)http://semarc/name/244 700 1 $aCastelli, Ferdinando,$c,$ecuratore.$0(OLS)http://semarc/name/89190 700 1 $aMaraniello, Giuseppe,$c<1945- >,$eillustratore.$0(OLS)http://semarc/name/120489 830 0$aArs Sacra.$0(OLS)http://semarc/title/450334 850 $aSeMil 852 $aSeMil$W1$xVenegono$y1$m5Q XII 35$j250963$B250958$CSeMilBibl$Z2$F250958 $81 961 $aEsemplare n.1212 di 1970, I-XXX 961 $aSacchi don Luigi - Lascito 996 $6245$aCredo : immagini d'arte e letterattura$9(OLS)http://semarc/title/450333 996 $6264$aMilano :$bFMR$9(OLS)http://semarc/publisher/46120 LEADER 00983nam a2200217 i 4500 001 000000062177 003 CaOOAMICUS 005 20131030000000.0 008 131030s1758 xx u000 u lat u 013 $a33349 026 $at,e- r-e- o-ex rese (3) 1758 (R) 040 $aSeMil$bita 245 10$aTomus 8. De sacramentis in genere: item de baptismo, confirmatione, et eucharistia. 300 $aXVI, 310, [2] p. 500 $aSegn. : a8 A-S8 T12. 773 0 $aConcina, Daniele $tTheologia christiana dogmatico-moralis auctore f. Daniele Concina Ordinis praedicatorum. Tomus 1. [-4.] In decalogum.$dRomae : prostant venales Venetiis : Apud Simonem Occhi, 1758.$g8$w()9423 850 $aSeMil 852 $aSeMil$W1$xVenegono$y1$m2L III 76 FA$j28330$B28330$CSeMilBibl$Z2$F28333 $8I 941 1 $a10 961 $aRecupero: Mantegazza 996 $6245$aTomus 8. De sacramentis in genere: item de baptismo, confirmatione, et eucharistia$9(OLS)http://semarc/title/97841